| 000 | 00362nam a22001577a 4500 | ||
|---|---|---|---|
| 003 | OSt | ||
| 005 | 20211208110148.0 | ||
| 008 | 211208b |||||||| |||| 00| 0 eng d | ||
| 040 | _cHU | ||
| 082 | _a658 | ||
| 100 |
_aAPILADO _922080 |
||
| 245 | _aPERSONAL FINANCIAL MANAGEMENT | ||
| 260 |
_aNEW YORK _bLOSANGELES _c1980 |
||
| 300 | _a369 | ||
| 942 |
_2ddc _cBOOKS _n0 |
||
| 999 |
_c21792 _d21792 |
||